[Event "Politiken Cup"]
[Site "Helsingor DEN"]
[Date "2009.07.24"]
[Round "8"]
[White "Gajic,Ml"]
[Black "Cmilyte,V"]
[Result "0-1"]
[WhiteElo "2249"]
[BlackElo "2470"]
[EventDate "2009.07.18"]

1. e4 c5 2. c3 d5 3. exd5 Qxd5 4. d4 g6 5. Na3 cxd4 6. Nb5 Na6 7. Qxd4 Qxd4
8. Nxd4 Nf6 9. Ngf3 Bg7 10. Bc4 Nc5 11. O-O a6 12. a4 Bd7 13. Re1 Rc8 14.
a5 e6 15. b3 O-O 16. Ba3 Rfd8 17. Rac1 Nd5 18. Bf1 Bf8 19. c4 Nf4 20. Rcd1
Be8 21. g3 Nfd3 22. Re3 e5 23. Nxe5 Nxe5 24. Rxe5 Nxb3 25. Bb2 Bg7 26. Rd5
Rxd5 27. cxd5 Nxa5 28. Bg2 Nc4 29. Ba1 Ba4 30. Rc1 Nd6 31. Re1 a5 32. f4
Kf8 33. Bf1 Bd7 34. f5 gxf5 35. Rb1 Rc5 0-1

[Event "Politiken Cup"]
[Site "Helsingor DEN"]
[Date "2009.07.24"]
[Round "8"]
[White "Antonsen,M"]
[Black "Molvig,H"]
[Result "1-0"]
[WhiteElo "2438"]
[BlackElo "2176"]
[EventDate "2009.07.18"]

1. d4 d5 2. c4 c6 3. Nf3 Nf6 4. e3 Bf5 5. Nc3 e6 6. Nh4 Bg6 7. Be2 Nbd7 8.
O-O Bd6 9. g3 O-O 10. Nxg6 hxg6 11. Qc2 Qe7 12. Rd1 Rfd8 13. Bd2 Rac8 14.
Rac1 e5 15. dxe5 Nxe5 16. cxd5 cxd5 17. Qb3 Bb8 18. Nxd5 Nxd5 19. Rxc8 Rxc8
20. Qxd5 Nc6 21. Bc3 Rd8 22. Qb3 Rxd1+ 23. Bxd1 Be5 24. Bf3 Bxc3 25. Qxc3
Nd8 26. Bd5 b6 27. b4 Kh7 28. Qc4 Kg8 29. a4 Qd6 30. h4 Qe7 31. a5 bxa5 32.
bxa5 Qe5 33. a6 Qb8 34. Kg2 Qb6 35. e4 Qb8 36. Qc5 Kh7 37. Qe7 Qb6 38. Qd7
Ne6 39. Qxf7 1-0

[Event "Politiken Cup"]
[Site "Helsingor DEN"]
[Date "2009.07.24"]
[Round "8"]
[White "Tadjerbashi,A"]
[Black "Kristiansen,Jen"]
[Result "1/2-1/2"]
[WhiteElo "2193"]
[BlackElo "2435"]
[EventDate "2009.07.18"]

1. e4 c5 2. Nf3 d6 3. d4 cxd4 4. Nxd4 Nf6 5. Nc3 Nc6 6. g3 e5 7. Nde2 Be7
8. Bg2 O-O 9. O-O a6 10. h3 b5 11. Be3 Rb8 12. Qd2 Na5 13. b3 Nb7 14. g4
Nc5 15. Ng3 g6 16. g5 Ne8 17. Nd5 Be6 18. Nxe7+ Qxe7 19. f4 exf4 20. Bxf4
Nd7 21. Rfd1 Ne5 22. Kh1 f6 23. Rf1 fxg5 24. Bxg5 Rxf1+ 25. Rxf1 Qc7 26.
Ne2 Ng7 27. Rd1 Rc8 28. c3 Nf7 29. Bf4 Rd8 30. Bh2 Nh5 31. Nf4 Nxf4 32.
Bxf4 Rc8 33. Bxd6 Qxc3 34. Qxc3 Rxc3 35. e5 Bxh3 36. Bd5 Kg7 37. Bb4 Re3
38. Bc5 Re2 39. Bd4 Ng5 40. e6+ Kh6 41. e7 Rxe7 42. Bf6 Re2 43. Rd4 Kh5 44.
a4 Bf5 45. axb5 axb5 46. Kg1 Nh3+ 47. Kf1 Rf2+ 48. Ke1 g5 49. Be5 Bg4 50.
Bg3 Re2+ 51. Kf1 Re3 52. Bf7+ Kh6 53. Rxg4 Rf3+ 54. Kg2 Rxf7 55. Kxh3 Rf3
56. Rb4 Rf5 57. Kg2 Kg6 58. Re4 Rd5 59. Re5 Rxe5 60. Bxe5 Kf5 61. Bc7 Ke4
62. b4 h5 63. Kg3 Kd5 64. Bd8 Kc4 65. Be7 Kc3 66. Kf3 g4+ 67. Kg3 1/2-1/2

[Event "Politiken Cup"]
[Site "Helsingor DEN"]
[Date "2009.07.24"]
[Round "8"]
[White "Berg,K"]
[Black "Laursen,N1"]
[Result "1/2-1/2"]
[WhiteElo "2432"]
[BlackElo "2191"]
[EventDate "2009.07.18"]

1. c4 Nf6 2. Nc3 c5 3. Nf3 b6 4. e3 g6 5. d4 Bg7 6. Be2 O-O 7. O-O d6 8. h3
e6 9. b3 Bb7 10. Bb2 Ne4 11. Nxe4 Bxe4 12. Qd2 Nd7 13. Rad1 Nf6 14. dxc5
dxc5 15. Qc3 Qe7 16. Ne5 Rfd8 17. Bf3 Bxf3 18. gxf3 Rd6 19. Qc2 Rad8 20. f4
Nh5 21. Qe2 f6 22. Nf3 Qd7 23. Rxd6 Qxd6 24. Rc1 Qd3 25. Qxd3 Rxd3 26. Kf1
h6 27. Ke2 Rd7 28. h4 Kf7 29. a3 Bf8 30. Nh2 Ng7 31. Ng4 Ne8 32. Rh1 h5 33.
Nh2 Be7 34. Nf3 Nd6 35. Rd1 Rb7 36. a4 a6 37. Ba3 Ne4 38. Bb2 b5 39. cxb5
axb5 40. a5 Ra7 41. Ra1 Ra6 42. Ne1 Nd6 43. Bc3 Nb7 44. Nd3 b4 45. Bd2 Rxa5
46. Rb1 Ra3 47. Bc1 Ra2+ 48. Bb2 Ra8 1/2-1/2

[Event "Politiken Cup"]
[Site "Helsingor DEN"]
[Date "2009.07.24"]
[Round "8"]
[White "Semcesen,D"]
[Black "Ask,J"]
[Result "1-0"]
[WhiteElo "2418"]
[BlackElo "2191"]
[EventDate "2009.07.18"]

1. c4 e6 2. Nf3 f5 3. g3 Nf6 4. Bg2 Be7 5. O-O O-O 6. Nc3 d6 7. d3 e5 8. d4
Nc6 9. d5 Na5 10. Nd2 b6 11. b4 Nb7 12. Bb2 Bd7 13. e3 Qe8 14. Nb3 g5 15.
f4 Ng4 16. Qe2 Bf6 17. h3 Nh6 18. Qd2 a5 19. a3 a4 20. Nc1 Kh8 21. N1e2 Rg8
22. Nd1 Qe7 23. Nf2 Rae8 24. Rae1 Qg7 25. Nd3 gxf4 26. exf4 e4 27. Bxf6
Qxf6 28. Qb2 Kg7 29. Qxf6+ Kxf6 30. Nb2 Nf7 31. Kf2 h5 32. h4 Nh6 33. Bh3
Rg7 34. Nc3 e3+ 35. Kf3 Ng4 36. Bxg4 fxg4+ 37. Ke2 Rge7 38. Rc1 Ra8 39. Nb5
Bf5 40. Rc3 Rae8 41. Nd1 Be4 42. Rxe3 Nd8 43. Kd2 Nf7 44. Rfe1 Nh6 45. Ndc3
Bf3 46. Nd4 1-0

[Event "Politiken Cup"]
[Site "Helsingor DEN"]
[Date "2009.07.24"]
[Round "8"]
[White "Aloma Vidal,R"]
[Black "Wahlstrom,L"]
[Result "1-0"]
[WhiteElo "2418"]
[BlackElo "2179"]
[EventDate "2009.07.18"]

1. d4 d5 2. c4 e6 3. Nf3 c5 4. cxd5 exd5 5. Bg5 Be7 6. Bxe7 Nxe7 7. dxc5
Qa5+ 8. Nc3 Qxc5 9. e3 O-O 10. Bd3 h6 11. h3 Nbc6 12. O-O Be6 13. Rc1 Qb4
14. Qd2 a6 15. a3 Qd6 16. Na4 Rad8 17. Nc5 Bc8 18. Nb3 Qf6 19. Nbd4 Ne5 20.
Nxe5 Qxe5 21. Qb4 Rd6 22. Rc7 Ng6 23. Rfc1 a5 24. Qxa5 Bxh3 25. gxh3 Qh5
26. Rc8 Qxh3 27. Bf5 Qh4 28. Rxf8+ Nxf8 29. Qc7 Qg5+ 30. Kf1 Rf6 31. Qb8
Rxf5 32. Nxf5 Qxf5 33. Qxb7 Qh3+ 34. Ke1 Qh1+ 35. Kd2 Qh2 36. Rf1 Qg2 37.
Qb5 Ne6 38. a4 d4 39. Kc1 h5 40. a5 h4 41. Rd1 h3 42. a6 h2 43. Qb7 Qxf2
44. a7 Qxe3+ 45. Kb1 Nc7 46. Qb8+ Kh7 47. Qxc7 Qe2 48. Qc2+ 1-0

[Event "Politiken Cup"]
[Site "Helsingor DEN"]
[Date "2009.07.24"]
[Round "8"]
[White "Arvola,B"]
[Black "Lund,E"]
[Result "1/2-1/2"]
[WhiteElo "2144"]
[BlackElo "2412"]
[EventDate "2009.07.18"]

1. d4 d5 2. c4 e6 3. Nc3 Nf6 4. cxd5 exd5 5. Bg5 c6 6. e3 Bf5 7. Qf3 Bg6 8.
Bxf6 Qxf6 9. Qxf6 gxf6 10. h4 h5 11. Nge2 Bd6 12. Kd2 Nd7 13. Nf4 Nb6 14.
b3 a5 15. a4 Bxf4 16. exf4 Nc8 17. Bd3 Nd6 18. Ne2 Kd7 19. Ng3 Bxd3 20.
Kxd3 f5 21. f3 Rag8 22. Rh3 b6 23. Re1 Rh7 24. Re2 f6 25. Nf1 Rhg7 26. Ne3
Rb8 27. Rh1 b5 28. axb5 Rxb5 29. Rb1 Rg8 30. Nc2 Rgb8 31. Kc3 R5b7 32. Rb2
Nb5+ 33. Kd3 Nd6 34. Kc3 Nb5+ 35. Kd3 Nc7 36. Kc3 Ne6 37. Ne3 Rxb3+ 38.
Rxb3 Rxb3+ 39. Kxb3 Nxd4+ 40. Ka4 Nxe2 41. Nxf5 Nxf4 42. g3 Ne2 43. Kxa5 c5
44. g4 Nf4 45. Kb5 c4 46. Kc5 hxg4 47. fxg4 Ke6 48. Kd4 Ng6 49. Ng7+ Kf7
50. Nf5 Ne7 51. Ne3 Ke6 52. h5 Kf7 53. Kc5 c3 54. Kd4 Nc6+ 55. Kxd5 Nb4+
56. Ke4 c2 57. Nxc2 Nxc2 58. g5 fxg5 59. Kf5 Nd4+ 60. Kxg5 1/2-1/2

[Event "Politiken Cup"]
[Site "Helsingor DEN"]
[Date "2009.07.24"]
[Round "8"]
[White "Wickstrom,L"]
[Black "Mikkelsen,N"]
[Result "1-0"]
[WhiteElo "2177"]
[BlackElo "2399"]
[EventDate "2009.07.18"]

1. d4 Nf6 2. c4 g6 3. Nc3 Bg7 4. e4 d6 5. Nf3 O-O 6. Be2 e5 7. O-O Nc6 8.
d5 Ne7 9. b4 Nh5 10. Re1 a5 11. bxa5 Rxa5 12. a4 c5 13. Nd2 Nf4 14. Bf1 Ra6
15. Ra3 Kh8 16. Bb2 Ng8 17. Nb5 Nh6 18. g3 Nh3+ 19. Bxh3 Bxh3 20. f4 f6 21.
Qf3 Qd7 22. Nb3 Ng4 23. Nc1 f5 24. Nd3 fxe4 25. Qxe4 Rf5 26. Nxd6 Qxd6 27.
fxe5 Qf8 28. Nf4 Bxe5 29. Bxe5+ Nxe5 30. Nxh3 Raf6 31. Re2 g5 32. Kg2 h5
33. Rb3 b6 34. Reb2 Nd7 35. Re3 Ne5 36. Reb3 Nd7 37. Re3 Qg7 38. Qe8+ Nf8
39. Rbe2 Rf7 40. Re7 Qc3 41. Nxg5 Rxe7 42. Qxe7 Qxc4 43. d6 Qd5+ 44. Kh3
Kg8 45. Ne6 Rf7 46. Qg5+ Qxg5 47. Nxg5 Rd7 48. Ne4 Rd8 49. Kh4 Kg7 50. Kxh5
Ne6 51. Rb2 Rb8 52. Kg4 Ra8 53. Nc3 Ra6 54. Kf5 Kf7 55. Ke5 Nd4 56. Kd5 Ke8
57. Nb5 Rxa4 58. Nxd4 cxd4 59. Rxb6 Ra2 60. Kxd4 Rxh2 61. Rb7 Rg2 62. Rg7
Kf8 63. Rg4 Ke8 64. Ke5 Re2+ 65. Re4 Rf2 66. g4 Kd7 67. Rd4 Kd8 68. d7 Rf7
69. g5 Rf1 70. g6 Re1+ 71. Kf6 1-0

[Event "Politiken Cup"]
[Site "Helsingor DEN"]
[Date "2009.07.24"]
[Round "8"]
[White "Skytte,R"]
[Black "Nilsson,Anders1"]
[Result "1-0"]
[WhiteElo "2396"]
[BlackElo "2169"]
[EventDate "2009.07.18"]

1. e4 e6 2. d4 d5 3. Nc3 Bb4 4. Bd3 dxe4 5. Bxe4 Nf6 6. Bd3 c5 7. Nf3 Nbd7
8. O-O cxd4 9. Nxd4 O-O 10. Ne4 Nxe4 11. Bxe4 Nf6 12. Bg5 e5 13. Bxf6 Qxf6
14. Nb3 Rb8 15. c3 Be7 16. Re1 Rd8 17. Qe2 b6 18. Bf3 Bd6 19. Nd2 Bc7 20.
Nf1 Be6 21. a4 Qe7 22. Qa6 f5 23. Be2 Kh8 24. Rad1 e4 25. Bc4 Bd7 26. Bd5
Bc8 27. Qc4 Qe5 28. g3 Bd6 29. Ne3 f4 30. Ng2 e3 31. Nxf4 exf2+ 32. Kxf2
Bc5+ 33. Kg2 Qf5 34. Be4 Rxd1 35. Rxd1 Qf6 36. b4 Bg4 37. Rf1 Qd6 38. bxc5
bxc5 39. Qd3 1-0

[Event "Politiken Cup"]
[Site "Helsingor DEN"]
[Date "2009.07.24"]
[Round "8"]
[White "Thorfinnsson,Br"]
[Black "Seegert,K"]
[Result "1-0"]
[WhiteElo "2377"]
[BlackElo "2103"]
[EventDate "2009.07.18"]

1. d4 Nf6 2. c4 e5 3. dxe5 Ng4 4. Nf3 Bc5 5. e3 Nc6 6. a3 a5 7. b3 O-O 8.
h3 Ngxe5 9. Bb2 Re8 10. Be2 Nxf3+ 11. Bxf3 Ne5 12. Nc3 Ra6 13. Ne4 Ba7 14.
c5 Qh4 15. Qd5 Rae6 16. O-O-O b6 17. Bg4 R6e7 18. Nd6 c6 19. Qd2 Rd8 20.
Nf5 Qf6 21. f4 1-0

[Event "Politiken Cup"]
[Site "Helsingor DEN"]
[Date "2009.07.24"]
[Round "8"]
[White "Rantanen,Y"]
[Black "Petkovic,P"]
[Result "1-0"]
[WhiteElo "2376"]
[BlackElo "2149"]
[EventDate "2009.07.18"]

1. d4 Nf6 2. Nf3 g6 3. b4 d5 4. e3 Bg7 5. a4 Ne4 6. c3 Nd7 7. Qb3 Ndf6 8.
Ra2 O-O 9. Ba3 Re8 10. h3 Nd6 11. Nbd2 Nfe4 12. Be2 Nxd2 13. Rxd2 Ne4 14.
Rd1 e6 15. c4 c6 16. O-O f5 17. b5 Bd7 18. Rc1 g5 19. Rc2 h5 20. Nd2 Nf6
21. Bd6 h4 22. Be5 g4 23. hxg4 Nxg4 24. Bf4 Kf7 25. Nf3 Bf6 26. Nh2 Rg8 27.
f3 Nxh2 28. Kxh2 Rg3 29. bxc6 Bxc6 30. cxd5 Bxd5 31. Bc4 Rc8 32. Bxd5 Rxc2
33. Bxe6+ 1-0

[Event "Politiken Cup"]
[Site "Helsingor DEN"]
[Date "2009.07.24"]
[Round "8"]
[White "Aabling Thomsen,J"]
[Black "Ostlund,A"]
[Result "1-0"]
[WhiteElo "2344"]
[BlackElo "2067"]
[EventDate "2009.07.18"]

1. e4 e6 2. d4 d5 3. Nc3 Nf6 4. e5 Nfd7 5. f4 c5 6. Nf3 Nc6 7. Be3 cxd4 8.
Nxd4 Bc5 9. Qd2 O-O 10. O-O-O a6 11. Nb3 b6 12. g4 a5 13. Bb5 Qc7 14. Rhg1
Ba6 15. Rg3 Bb4 16. Bxa6 Rxa6 17. Qd3 Raa8 18. Rh3 g6 19. Nb5 Qb8 20. a3
Be7 21. N3d4 Rc8 22. Qf1 Nxd4 23. Bxd4 Rc4 24. f5 Qc8 25. Qf2 Qc6 26. Nd6
Bxd6 27. exd6 Qxd6 28. fxg6 fxg6 29. Rxh7 Kxh7 30. Qf7+ Kh6 31. g5+ Kh5 32.
Qh7+ Kg4 33. Rg1+ Kf3 34. Qh3+ Ke4 35. Re1+ Kf4 36. Qg3+ 1-0

[Event "Politiken Cup"]
[Site "Helsingor DEN"]
[Date "2009.07.24"]
[Round "8"]
[White "Eriksson,Mag2"]
[Black "Larsen,Ka"]
[Result "0-1"]
[WhiteElo "2160"]
[BlackElo "2337"]
[EventDate "2009.07.18"]

1. d4 g6 2. c4 Bg7 3. Nc3 c5 4. d5 d6 5. e4 e5 6. Bd3 Nf6 7. h3 O-O 8. Bg5
h6 9. Be3 a6 10. a4 Kh7 11. Nge2 Ng8 12. g4 Bf6 13. Qd2 Bg5 14. f4 Bh4+ 15.
Kd1 exf4 16. Nxf4 Nd7 17. Kc2 Ne5 18. Rhf1 Bd7 19. Be2 Qe7 20. b3 Rae8 21.
Ng2 Bg5 22. Nf4 Rb8 23. Rh1 Bh4 24. Rag1 Rfc8 25. Ng2 Bf6 26. Nf4 b5 27.
Rb1 bxc4 28. bxc4 Rb4 29. Rhc1 Nxc4 30. Bxc4 Rxc4 31. Kd1 Bxa4+ 32. Ke1 Re8
33. Nfe2 Rxe4 34. Nxe4 Qxe4 35. Kf2 Bh4+ 36. Ng3 Bxg3+ 37. Kxg3 Qxe3+ 38.
Qxe3 Rxe3+ 39. Kg2 Bb5 40. Rb2 Kg7 0-1

[Event "Politiken Cup"]
[Site "Helsingor DEN"]
[Date "2009.07.24"]
[Round "8"]
[White "Andersen,Mad"]
[Black "Nielsen,Ni"]
[Result "1-0"]
[WhiteElo "2336"]
[BlackElo "2145"]
[EventDate "2009.07.18"]

1. e4 c5 2. Nf3 Nc6 3. d4 cxd4 4. Nxd4 Nf6 5. Nc3 e5 6. Ndb5 d6 7. Bg5 a6
8. Na3 b5 9. Nd5 Be7 10. Bxf6 Bxf6 11. c3 O-O 12. Nc2 Rb8 13. h4 Be7 14.
Nce3 a5 15. g3 b4 16. Bc4 bxc3 17. bxc3 Be6 18. O-O Qd7 19. Qa4 Rfc8 20.
Bb5 Bd8 21. Rab1 Rb7 22. Nc4 f5 23. Bxc6 Rxc6 24. Rxb7 Qxb7 25. Ne7+ Qxe7
26. Qxc6 f4 27. Nxd6 Bh3 28. Qd5+ Kf8 29. Nf5 1-0

[Event "Politiken Cup"]
[Site "Helsingor DEN"]
[Date "2009.07.24"]
[Round "8"]
[White "Burmeister,R"]
[Black "Hansen,MM"]
[Result "1/2-1/2"]
[WhiteElo "2333"]
[BlackElo "2144"]
[EventDate "2009.07.18"]

1. e4 c5 2. Nc3 Nc6 3. g3 g6 4. Bg2 Bg7 5. d3 d6 6. Be3 e6 7. Qd2 Rb8 8.
Nge2 b5 9. O-O Nd4 10. b4 Nxe2+ 11. Nxe2 Qc7 12. bxc5 dxc5 13. Rab1 Ne7 14.
f4 O-O 15. Qe1 Bd7 16. Nc1 c4 17. d4 f5 18. c3 Bc6 19. Bd2 Qb7 1/2-1/2

[Event "Politiken Cup"]
[Site "Helsingor DEN"]
[Date "2009.07.24"]
[Round "8"]
[White "Carstensen,J"]
[Black "Ottosen,P"]
[Result "1-0"]
[WhiteElo "2330"]
[BlackElo "2087"]
[EventDate "2009.07.18"]

1. d4 d5 2. c4 c6 3. Nf3 Nf6 4. e3 Bf5 5. Nc3 Na6 6. Nh4 Bg4 7. f3 Bd7 8.
f4 Nc7 9. Bd3 g6 10. O-O Bg7 11. cxd5 Nfxd5 12. f5 e6 13. Qg4 Nf6 14. Qg3
Nh5 15. Qh3 O-O 16. g4 Nf6 17. g5 exf5 18. gxf6 Bxf6 19. Nf3 f4 20. Qg2 Qc8
21. Ng5 Ne6 22. Nxe6 Bxe6 23. Rxf4 Bg7 24. Ne4 1-0

[Event "Politiken Cup"]
[Site "Helsingor DEN"]
[Date "2009.07.24"]
[Round "8"]
[White "Matthiesen,A"]
[Black "Korley,K"]
[Result "1/2-1/2"]
[WhiteElo "2324"]
[BlackElo "2143"]
[EventDate "2009.07.18"]

1. d4 Nf6 2. c4 g6 3. g3 Bg7 4. Bg2 d5 5. cxd5 Nxd5 6. Nf3 O-O 7. O-O c5 8.
dxc5 Na6 9. Ng5 Ndb4 10. Nc3 h6 11. Nf3 Qxd1 12. Rxd1 Be6 13. Bd2 Nxc5 14.
Be3 Rac8 15. Nd4 Bxd4 16. Bxd4 Nc2 17. Rac1 Nxd4 18. Rxd4 b6 19. Rcd1 a5
20. f4 Rb8 21. Bc6 Rfc8 22. Bb5 Nb7 23. Bd7 Bxd7 24. Rxd7 e6 25. a4 Nc5 26.
R7d6 f5 27. e4 fxe4 28. R1d4 Kf7 29. Nxe4 Ke7 30. Nxc5 bxc5 31. Rd7+ Kf6
32. Rd2 Rb4 33. R7d6 Rcb8 34. Re2 Rxb2 35. Rdxe6+ Kf5 36. R6e5+ Kg4 37. Kg2
Rxe2+ 38. Rxe2 Rb4 1/2-1/2

[Event "Politiken Cup"]
[Site "Helsingor DEN"]
[Date "2009.07.24"]
[Round "8"]
[White "Petersen,To1"]
[Black "Ochsner,B"]
[Result "1-0"]
[WhiteElo "2310"]
[BlackElo "2119"]
[EventDate "2009.07.18"]

1. g3 Nf6 2. Bg2 d5 3. Nf3 c6 4. O-O Bg4 5. d3 Nbd7 6. h3 Bh5 7. Re1 e5 8.
e4 dxe4 9. dxe4 Bc5 10. b3 O-O 11. Bb2 Re8 12. Nbd2 Qc7 13. Qe2 h6 14. a4
a5 15. Qc4 Qb6 16. Qe2 Qc7 17. Qc4 Qb6 18. Qf1 Bb4 19. Re3 Qc7 20. Nc4 Rab8
21. Na3 Bf8 22. Nh4 g5 23. Nf5 Bg6 24. Rd1 Nc5 25. Qc4 Kh7 26. Rde1 Qd7 27.
Qe2 Rbd8 28. Nc4 Qc7 29. Bc3 b6 30. Qf3 Re6 31. Qe2 Rde8 32. h4 g4 33. f3
h5 34. fxg4 Nxg4 35. Rf3 Nd7 36. Bh3 Ndf6 37. Kg2 Bc5 38. Bd2 b5 39. Nb2
Rb8 40. Bg5 Ree8 41. Nd3 Ba7 42. Qd2 Ng8 43. Bxg4 hxg4 44. Rff1 f6 45. Bxf6
Rf8 46. Bxe5 Qd7 47. Qg5 1-0

[Event "Politiken Cup"]
[Site "Helsingor DEN"]
[Date "2009.07.24"]
[Round "8"]
[White "Vanman,K"]
[Black "Carlstedt,J"]
[Result "0-1"]
[WhiteElo "2158"]
[BlackElo "2309"]
[EventDate "2009.07.18"]

1. Nf3 d5 2. c4 e6 3. g3 c5 4. Bg2 Nc6 5. cxd5 exd5 6. d4 Nf6 7. Nc3 Be7 8.
O-O O-O 9. Bg5 c4 10. Ne5 Be6 11. b3 Qa5 12. Qd2 Rad8 13. Nxc6 bxc6 14.
bxc4 dxc4 15. Bxc6 Bb4 16. Rfc1 Qb6 17. d5 Ne4 18. Qe3 Qxe3 19. Bxe3 Nxc3
20. dxe6 Nxe2+ 21. Kg2 Nxc1 22. Rxc1 fxe6 23. Rxc4 a5 24. Ba4 e5 25. Re4
Bd6 26. Bb6 Ra8 27. Re2 Rfb8 28. Be3 Rb4 29. Bc6 Rc8 30. Bd5+ Kf8 31. Rd2
Be7 32. Bf3 a4 33. h4 a3 34. Rd3 e4 35. Bg4 exd3 36. Bxc8 Rb2 37. Be6 d2
0-1

[Event "Politiken Cup"]
[Site "Helsingor DEN"]
[Date "2009.07.24"]
[Round "8"]
[White "Bach,Mat"]
[Black "Hansen,Mads3"]
[Result "1-0"]
[WhiteElo "2307"]
[BlackElo "2068"]
[EventDate "2009.07.18"]

1. d4 d5 2. c4 c6 3. Nf3 Nf6 4. Nc3 e6 5. g3 dxc4 6. Bg2 b5 7. Ne5 Nd5 8.
O-O Bb7 9. a4 a6 10. axb5 cxb5 11. Nxd5 exd5 12. e4 Be7 13. exd5 Bxd5 14.
Nxf7 Bxf7 15. Bxa8 O-O 16. Be4 Bf6 17. Be3 Qc8 18. Qc2 g6 19. Rad1 Nc6 20.
d5 Nb4 21. Qb1 Rd8 22. Bd4 Bxd4 23. Rxd4 Qc5 24. Rfd1 Nd3 25. R4xd3 cxd3
26. Qxd3 Rd6 27. Qd2 Qb6 28. b4 Qd8 29. Qd4 h6 30. Qe5 Kh7 31. h4 Re6 32.
dxe6 Qxd1+ 33. Kg2 1-0

[Event "Politiken Cup"]
[Site "Helsingor DEN"]
[Date "2009.07.24"]
[Round "8"]
[White "Christensen,St"]
[Black "Strand,H"]
[Result "1/2-1/2"]
[WhiteElo "2283"]
[BlackElo "2062"]
[EventDate "2009.07.18"]

1. e4 e5 2. Nf3 Nc6 3. Bb5 a6 4. Ba4 Nf6 5. O-O Be7 6. Re1 b5 7. Bb3 d6 8.
c3 O-O 9. h3 Na5 10. Bc2 d5 11. d4 Nxe4 12. Nxe5 f6 13. Nd3 Bd6 14. Nf4 f5
15. Qf3 c6 16. Nd3 Qh4 17. Bf4 Nc4 18. Bxd6 Ncxd6 19. Qf4 Qxf4 20. Nxf4 g5
21. Nd3 Bd7 22. Ne5 Ra7 23. a4 Nc4 24. axb5 Nxe5 25. dxe5 cxb5 26. f3 Nc5
27. Nd2 Be6 28. b4 Nd7 29. Bd3 Raa8 30. Nb3 f4 31. Nd4 Rfe8 32. Nxe6 Rxe6
33. Bxb5 Nxe5 34. Bxa6 Raxa6 35. Rxa6 Nxf3+ 36. gxf3 Rxe1+ 37. Kf2 Rc1 38.
Ra3 d4 39. cxd4 Rd1 40. Rb3 Rd2+ 41. Ke1 Rxd4 42. b5 Rd7 43. b6 Rb7 44. Ke2
Kf7 45. Kd3 Kg6 46. h4 gxh4 47. Ke2 Kf5 48. Kf2 h3 49. Kg1 Ke5 50. Kh2 Kd5
51. Kxh3 Kc6 52. Kg4 Rxb6 53. Rxb6+ Kxb6 54. Kxf4 Kc6 55. Kf5 Kd7 56. Kf6
h5 57. Kg5 Ke6 58. f4 h4 59. Kxh4 Kf5 1/2-1/2

[Event "Politiken Cup"]
[Site "Helsingor DEN"]
[Date "2009.07.24"]
[Round "8"]
[White "Agrest,S"]
[Black "Jensen,SorenH"]
[Result "1-0"]
[WhiteElo "2260"]
[BlackElo "2054"]
[EventDate "2009.07.18"]

1. e4 e5 2. Nf3 Nc6 3. Bc4 Bc5 4. d3 Nf6 5. c3 a6 6. Bb3 d6 7. h3 Ba7 8.
Nbd2 O-O 9. Nf1 Be6 10. Ng3 d5 11. Qe2 Re8 12. Bg5 d4 13. Nh5 Bxb3 14. axb3
Qd6 15. Bxf6 gxf6 16. Nh4 Ne7 17. Qf3 Rf8 18. Nf5 Nxf5 19. Qxf5 Qe6 20.
Nxf6+ Kg7 21. Qg5+ Kh8 22. Qh6 1-0

[Event "Politiken Cup"]
[Site "Helsingor DEN"]
[Date "2009.07.24"]
[Round "8"]
[White "Haubro,S"]
[Black "Skovgaard,Pe2"]
[Result "1/2-1/2"]
[WhiteElo "2144"]
[BlackElo "2258"]
[EventDate "2009.07.18"]

1. Nf3 g6 2. e4 c5 3. Be2 Bg7 4. O-O Nc6 5. Nc3 e6 6. d3 Nge7 7. Bg5 O-O 8.
Qd2 d5 9. exd5 exd5 10. Bh6 d4 11. Ne4 b6 12. Rae1 Nd5 13. c4 Nc7 14. Bd1
Bb7 15. a3 Ne6 16. h4 Ne7 17. Ng3 Qc7 18. h5 Rae8 19. Bg5 Nxg5 20. Qxg5 Qd6
21. Ne4 Bxe4 22. dxe4 Nc6 23. Ba4 Re6 24. Bc2 Ne5 25. Nxe5 Rxe5 26. Qg3 g5
27. Bd3 Rfe8 28. f3 Qh6 29. Qh2 f5 30. Rd1 f4 31. Qh3 Qf6 32. a4 Qf7 33.
Qg4 R8e6 34. Kf2 Qe8 35. b3 Qc8 36. g3 fxg3+ 37. Kxg3 Qc7 38. Kg2 Rf6 39.
f4 gxf4 40. Rxf4 Rxf4 41. Qxf4 Qe7 42. Rh1 Rg5+ 43. Kf2 Be5 44. Qf3 Qg7 45.
Rh3 Rg4 46. Ke1 Qg5 47. Kd1 h6 48. Bf1 Bf4 49. e5 Bxe5 50. Qa8+ Kf7 51.
Rf3+ Rf4 52. Qd5+ Ke7 1/2-1/2

[Event "Politiken Cup"]
[Site "Helsingor DEN"]
[Date "2009.07.24"]
[Round "8"]
[White "Hess,C1"]
[Black "Rostgaard,T"]
[Result "1-0"]
[WhiteElo "2257"]
[BlackElo "2051"]
[EventDate "2009.07.18"]

1. d4 Nf6 2. Nf3 c5 3. d5 g6 4. Nc3 d6 5. e4 Bg7 6. Be2 Bg4 7. Nd2 Bxe2 8.
Qxe2 Nbd7 9. O-O O-O 10. a4 Ne8 11. Nc4 Nc7 12. Bf4 a6 13. a5 Nb5 14. Na4
Nd4 15. Qd1 Ne5 16. Bxe5 dxe5 17. Ncb6 Rb8 18. Nxc5 Qd6 19. Ncd7 f5 20.
Nxb8 Rxb8 21. c3 Nb5 22. Ra4 Rf8 23. Rc4 Nc7 24. Qa4 Ne8 25. Nd7 Nf6 26.
Nxf8 Bxf8 27. Qb4 Qd7 28. Qb6 Nxe4 29. Rxe4 1-0

[Event "Politiken Cup"]
[Site "Helsingor DEN"]
[Date "2009.07.24"]
[Round "8"]
[White "Sorensen,S"]
[Black "Angskog,K"]
[Result "0-1"]
[WhiteElo "2000"]
[BlackElo "2255"]
[EventDate "2009.07.18"]

1. d4 g6 2. Nf3 Bg7 3. e4 d6 4. Bd3 c5 5. O-O cxd4 6. Nxd4 Nc6 7. Nf3 Nf6
8. c3 O-O 9. Nbd2 b6 10. Re1 Bb7 11. Nf1 Qc7 12. Bg5 Na5 13. Qe2 Rac8 14.
Ng3 e5 15. Rad1 h6 16. Bxf6 Bxf6 17. Bc2 Rfd8 18. Nf1 Nc4 19. Bb3 d5 20.
exd5 e4 21. Nd4 Bxd5 22. Ne3 Nxe3 23. Qxe3 Bg5 24. Qe2 Ba8 25. Qg4 Qf4 26.
Qxf4 Bxf4 27. g3 Be5 28. f4 Bxd4+ 29. cxd4 Bd5 30. Bxd5 Rxd5 31. Kf2 f5 32.
Ke3 Rc4 33. Rd2 Kf7 34. Red1 Ke6 35. Ke2 Kd6 36. Ke3 b5 37. Ke2 b4 38. b3
Rc3 39. Rb2 g5 40. fxg5 hxg5 41. Rbd2 f4 42. gxf4 gxf4 43. Rf1 f3+ 44. Kd1
e3 0-1

[Event "Politiken Cup"]
[Site "Helsingor DEN"]
[Date "2009.07.24"]
[Round "8"]
[White "Jiretorn,E"]
[Black "Veng,J"]
[Result "1/2-1/2"]
[WhiteElo "2150"]
[BlackElo "2243"]
[EventDate "2009.07.18"]

1. d4 Nf6 2. c4 g6 3. Nc3 d5 4. Nf3 Bg7 5. Bf4 c5 6. dxc5 Qa5 7. cxd5 Nxd5
8. Qxd5 Bxc3+ 9. Bd2 Be6 10. Qxb7 Bxd2+ 11. Nxd2 O-O 12. b4 Qa3 13. e4 Nd7
14. c6 Ne5 15. Be2 Rab8 16. Qxe7 Nxc6 17. Qc5 Nxb4 18. O-O Rbc8 19. Qb5 Nc2
20. Rab1 Nd4 21. Qd3 Nxe2+ 22. Qxe2 Rfd8 23. Rfd1 Rc2 24. Qe1 Qxa2 25. Nf3
Rxd1 1/2-1/2

[Event "Politiken Cup"]
[Site "Helsingor DEN"]
[Date "2009.07.24"]
[Round "8"]
[White "Tallaksen,L"]
[Black "Lindberg,H"]
[Result "1/2-1/2"]
[WhiteElo "2081"]
[BlackElo "2240"]
[EventDate "2009.07.18"]

1. d4 Nf6 2. Nf3 c5 3. e3 d5 4. Bd3 Bg4 5. Nbd2 Nc6 6. c3 e6 7. O-O Qc7 8.
h3 Bh5 9. b3 Bg6 10. Bxg6 hxg6 11. Ba3 Nd7 12. dxc5 Bxc5 13. Bxc5 Nxc5 14.
c4 dxc4 15. Nxc4 Rd8 16. Qe2 O-O 17. Rac1 Qe7 18. Rfd1 Rxd1+ 19. Rxd1 Rd8
20. Rxd8+ Qxd8 21. Qd2 Qxd2 22. Nfxd2 Kf8 23. Kf1 Ke7 24. Ke2 b5 25. Nb2
Kd6 26. a3 a5 27. Nd3 Nxd3 1/2-1/2

[Event "Politiken Cup"]
[Site "Helsingor DEN"]
[Date "2009.07.24"]
[Round "8"]
[White "Kovachev,D"]
[Black "Carnstam,T"]
[Result "1/2-1/2"]
[WhiteElo "2240"]
[BlackElo "2047"]
[EventDate "2009.07.18"]

1. e4 c5 2. Nf3 Nf6 3. Nc3 Nc6 4. Bb5 Nd4 5. e5 Nxb5 6. Nxb5 Ne4 7. O-O h6
8. d3 Qb6 9. a4 a6 10. Na3 Ng5 11. Nxg5 hxg5 12. Bxg5 d5 13. exd6 Qxd6 14.
g3 Qd5 15. Qd2 Bh3 16. f3 Bxf1 17. Rxf1 f6 18. Be3 Rd8 19. a5 e6 20. Nc4
Bd6 21. Qf2 Be7 22. Re1 Kf7 23. b3 Rh3 24. Re2 Rdh8 25. Qe1 Qxf3 26. Ne5+
fxe5 27. Rf2 Rxg3+ 28. Kf1 Rxh2 29. Rxf3+ Rxf3+ 30. Kg1 Rfh3 31. Qc3 Rh1+
32. Kg2 R1h2+ 33. Kg1 Rh1+ 34. Kg2 R3h2+ 35. Kf3 Rh3+ 36. Kg2 1/2-1/2